000
00313nam a2200133Ia 4500
008
240624s9999 xx 000 0 und d
041
_a
eng
082
_a
658.4063 DRU
100
_a
DRUCKER PETER
245
_a
EFFECTIVE EXECUTIVE
260
_c
2007
_a
New York
_b
Routledge
300
_a
168 : p.
365
_c
RS
_b
30
999
_c
22718
_d
22718